000 00689nam a22002177a 4500
005 20170124105931.0
010 _aA-290746
020 _c00.00
_a0333291948
037 _bCen Lib/Ret
040 _aDPL
_bEN
082 _a338.5
_bBHA
100 _aBhaduri, Amit
_98222
245 _aMacroeconomics :
_cby Amit Bhaduri
_bthe dynamics of commodity production
260 _a London
_bMacmillian
_c1986
270 _aHoundmills, Basingstoke, Hampshire RG21 2XS
_bLondon
300 _axii,278p.
_c20cm(Hb)
500 _aincludes bibliographic references and index
650 _aMacroeconomics.
_98223
650 _a MacroƩconomie.
_98224
942 _2ddc
_cEN
_h338.5
_mSUN
999 _c123839
_d123839